Sarah Bernhardt en mi recuerdo
Bewaard in:
| Hoofdauteur: | |
|---|---|
| Formaat: | Boek |
| Taal: | Spaans |
| Gepubliceerd in: |
Buenos Aires
Viau
1945
|
| Onderwerpen: | |
| Tags: |
Voeg label toe
Geen labels, Wees de eerste die dit record labelt!
|
MARC
| LEADER | 00000nam a2200000 a 4500 | ||
|---|---|---|---|
| 001 | UCZ8379 | ||
| 003 | CL-VaPUC | ||
| 008 | 960119e19450000AG |||||||||||||||||spa|d | ||
| 082 | 0 | 4 | |a 927 |b BER |2 21 |
| 100 | 0 | |a Bérendt, Rachel |e author |9 353659 | |
| 245 | 1 | 0 | |a Sarah Bernhardt en mi recuerdo |
| 300 | |a 105 p | ||
| 942 | |c BK | ||
| 945 | |d 19960119 00:00:00 |a mcarcey | ||
| 260 | |a Buenos Aires |b Viau |c 1945 | ||
| 600 | 0 | 7 | |a BERNHARDT, SARAH |2 CL-VaPUC |9 350559 |
| 650 | 0 | |a Biografías |9 255210 | |
| 650 | 0 | |a Actrices |9 350560 | |
| 583 | |a last modification |c 20170406 12:49:32 |k Rodrigo Vera | ||
| 999 | |c 244300 |d 244298 | ||
| 952 | |0 0 |1 0 |4 0 |6 927_000000000000000_BER_1945 |7 0 |8 A |9 258308 |a BIBART |b BIBART |d 2019-11-19 |i 3170977 |o 927 BER 1945 |p 3170977 |r 2025-03-13 |w 2019-11-19 |y BK |k ART | ||